| 000 | 00605nam a2200169Ia 4500 | ||
|---|---|---|---|
| 003 | OSt | ||
| 005 | 20241119143739.0 | ||
| 008 | 240429s9999||||xx |||||||||||||| ||und|| | ||
| 041 | _aeng | ||
| 082 | _aCR/DACF/16 | ||
| 100 | _aParliament of Ghana | ||
| 245 | 0 | _aReport Of The Committee Of The Whole On The Proposed Formula for The Sharing Of The District Assemblies Common Fund for The Year 2016 | |
| 300 | _a11p;tab | ||
| 650 | _aReport Of The Committee Of The Whole On The Proposed Formula for The Sharing - Of The District Assemblies Common Fund for The Year 2016 | ||
| 942 |
_cCR _2ddc |
||
| 999 |
_c2388 _d2388 |
||